000 00659nam a22002297a 4500
005 20230211111746.0
008 230211b ||||| |||| 00| 0 eng d
020 _a8170145686
040 _cAL
041 _aeng
082 _223
_a001.64
_bKAPI
100 _aV K Kapoor
_971971
245 _aInformation technology and computer applications
260 _aNew Delhi
_bSultan Chand & Sons
_c1999
300 _axvi,532p.
_bPB
_c21x14cm.
365 _2Computer Science
_b100
_c
_d100
650 _aData Processing
_971972
650 _aComputer Software
_971973
650 _aComputer Hardware
_971974
700 _aKAPOOR (V K)
_971975
942 _2ddc
_cDB
999 _c226670
_d226670